[Event "23rd ETCC Women 2021"]
[Site "Catez"]
[Date "2021.11.16"]
[Round "5.7"]
[White "Sargsyan, Anna M."]
[Black "Melia, Salome"]
[Result "0-1"]
[WhiteElo "2385"]
[BlackElo "2371"]
[Annotator "NA"]
[PlyCount "78"]
[EventDate "2021.11.08"]
[EventType "team-tourn"]
[EventCountry "SLO"]
[SourceTitle "playchess.com"]
[Source "ChessBase"]
[SourceQuality "1"]
[WhiteTeam "Armenia"]
[BlackTeam "Georgia"]
[WhiteTeamCountry "ARM"]
[BlackTeamCountry "GEO"]
[TimeControl "40/5400+30:1800+30"]

1. e4 {[%emt 0:00:12]} c5 {[%emt 0:01:39]} 2. Nf3 {[%emt 0:00:10]} Nc6 {
[%emt 0:00:11]} 3. Bb5 {[%emt 0:00:05]} g6 {[%emt 0:01:54]} 4. Bxc6 {[%emt 0:
00:07]} dxc6 {[%emt 0:00:19]} 5. d3 {[%emt 0:00:04]} Bg7 {[%emt 0:00:05]} 6. h3
{[%emt 0:00:03]} Qc7 {[%emt 0:01:45]} 7. a4 {[%emt 0:00:08]} a5 {[%emt 0:01:06]
} 8. O-O {[%emt 0:02:37]} h6 {[%emt 0:10:55]} 9. Nc3 {[%emt 0:03:22]} e5 {
[%emt 0:00:45]} 10. Be3 {[%emt 0:00:07]} b6 {[%emt 0:00:05]} 11. Qd2 {[%emt 0:
00:13]} Ne7 {[%emt 0:00:27]} 12. Nh2 {[%emt 0:00:15]} Be6 {[%emt 0:02:09]} 13.
f4 {[%emt 0:00:28]} exf4 {[%emt 0:05:45]} 14. Bxf4 {[%emt 0:00:07]} Qd7 {
[%emt 0:00:12]} 15. Nf3 {[%emt 0:04:55]} g5 {[%emt 0:01:07]} 16. Bh2 {[%emt 0:
01:23]} Ng6 {[%emt 0:01:18]} 17. Rae1 {[%emt 0:04:55]} O-O {[%emt 0:03:57]} 18.
e5 {[%emt 0:01:07]} Bd5 {[%emt 0:01:48]} 19. Ne4 {[%emt 0:03:57]} Bxe4 {
[%emt 0:01:03]} 20. Rxe4 {[%emt 0:00:03]} Rae8 {[%emt 0:01:12]} 21. Qe3 {
[%emt 0:09:37]} Re6 {[%emt 0:21:54]} 22. d4 {[%emt 0:03:48]} Qd5 {[%emt 0:06:
53]} 23. c4 {[%emt 0:13:44]} Qxc4 {[%emt 0:02:51]} 24. dxc5 {[%emt 0:01:43]}
Qxc5 {[%emt 0:01:19]} 25. Nd4 {[%emt 0:00:06]} Ree8 {[%emt 0:00:53]} 26. Rc1 {
[%emt 0:01:06]} Qd5 {[%emt 0:02:20]} 27. Nxc6 {[%emt 0:01:12]} f5 {[%emt 0:05:
48]} 28. Rd4 {[%emt 0:01:03]} Qf7 {[%emt 0:06:26]} 29. Qd3 {[%emt 0:04:41]} f4
{[%emt 0:03:39]} 30. Nd8 {[%emt 0:05:14]} Qf5 {[%emt 0:11:09]} 31. Qb3+ {
[%emt 0:02:52]} Kh8 {[%emt 0:00:35]} 32. Qxb6 {[%emt 0:00:53]} Qxe5 {[%emt 0:
02:55]} 33. Rcd1 {[%emt 0:05:36]} Qe3+ {[%emt 0:00:55]} 34. Kh1 {[%emt 0:00:02]
} Rxd8 {[%emt 0:01:32]} 35. Qxd8 {[%emt 0:00:49]} Rxd8 {[%emt 0:00:17]} 36.
Rxd8+ {[%emt 0:00:03]} Kh7 {[%emt 0:00:13]} 37. Bg1 {[%emt 0:00:03]} Qe4 {
[%emt 0:00:29]} 38. Rf1 {[%emt 0:01:42]} Nh4 {[%emt 0:00:19]} 39. Rd2 {[%emt 0:
00:06]} f3 {[%emt 0:00:43]} 0-1

[Event "23rd ETCC Women 2021"]
[Site "Catez"]
[Date "2021.11.16"]
[Round "5.8"]
[White "Gvetadze, Sofio"]
[Black "Ghukasyan, Siranush"]
[Result "1/2-1/2"]
[WhiteElo "2302"]
[BlackElo "2168"]
[Annotator "NA"]
[PlyCount "67"]
[EventDate "2021.11.08"]
[EventType "team-tourn"]
[EventCountry "SLO"]
[SourceTitle "playchess.com"]
[Source "ChessBase"]
[SourceQuality "1"]
[WhiteTeam "Georgia"]
[BlackTeam "Armenia"]
[WhiteTeamCountry "GEO"]
[BlackTeamCountry "ARM"]
[TimeControl "40/5400+30:1800+30"]

1. e4 {[%emt 0:00:04]} e5 {[%emt 0:00:04]} 2. Nf3 {[%emt 0:00:07]} Nc6 {
[%emt 0:00:03]} 3. Bb5 {[%emt 0:00:12]} a6 {[%emt 0:00:04]} 4. Ba4 {[%emt 0:00:
07]} Nf6 {[%emt 0:00:05]} 5. d3 {[%emt 0:00:09]} d6 {[%emt 0:00:01]} 6. c3 {
[%emt 0:00:14]} g6 {[%emt 0:00:01]} 7. O-O {[%emt 0:00:15]} Bg7 {[%emt 0:00:06]
} 8. Re1 {[%emt 0:00:19]} O-O {[%emt 0:00:04]} 9. h3 {[%emt 0:00:15]} b5 {
[%emt 0:01:55]} 10. Bc2 {[%emt 0:00:19]} Bb7 {[%emt 0:00:34]} 11. a4 {[%emt 0:
00:44]} Nd7 {[%emt 0:01:48]} 12. b4 {[%emt 0:04:48]} Re8 {[%emt 0:00:30]} 13.
axb5 {[%emt 0:04:27]} axb5 {[%emt 0:00:05]} 14. Na3 {[%emt 0:00:49]} Na7 {
[%emt 0:03:26]} 15. Rb1 {[%emt 0:06:40]} c6 {[%emt 0:03:24]} 16. Bb3 {[%emt 0:
13:20]} d5 {[%emt 0:03:37]} 17. Be3 {[%emt 0:14:02]} Nc8 {[%emt 0:00:05]} 18.
Qc1 {[%emt 0:02:52]} Nd6 {[%emt 0:02:21]} 19. exd5 {[%emt 0:08:33]} cxd5 {
[%emt 0:00:12]} 20. Bc5 {[%emt 0:00:19]} Nxc5 {[%emt 0:02:36]} 21. bxc5 {
[%emt 0:03:29]} e4 {[%emt 0:01:31]} 22. dxe4 {[%emt 0:20:16]} Nxe4 {[%emt 0:01:
30]} 23. Nxb5 {[%emt 0:00:19]} Qd7 {[%emt 0:04:06]} 24. Bc2 {[%emt 0:05:40]}
Nxc5 {[%emt 0:00:28]} 25. Rxe8+ {[%emt 0:00:32]} Rxe8 {[%emt 0:00:06]} 26. Qf4
{[%emt 0:01:31]} Bc6 {[%emt 0:02:54]} 27. Nbd4 {[%emt 0:06:00]} Ba4 {[%emt 0:
02:36]} 28. Bxa4 {[%emt 0:04:33]} Nxa4 {[%emt 0:00:27]} 29. Rb3 {[%emt 0:01:07]
} Nc5 {[%emt 0:00:37]} 30. Rb8 {[%emt 0:00:20]} Ne6 {[%emt 0:03:39]} 31. Qg3 {
[%emt 0:00:37]} Nxd4 {[%emt 0:02:21]} 32. cxd4 {[%emt 0:00:13]} h6 {[%emt 0:01:
11]} 33. h4 {[%emt 0:01:58]} Kh7 {[%emt 0:02:57]} 34. Rxe8 {[%emt 0:00:39]}
1/2-1/2

[Event "23rd ETCC Women 2021"]
[Site "Catez"]
[Date "2021.11.16"]
[Round "5.9"]
[White "Mammadzada, Gunay"]
[Black "Ushenina, Anna"]
[Result "1-0"]
[WhiteElo "2459"]
[BlackElo "2426"]
[Annotator "ChessBase"]
[PlyCount "81"]
[EventDate "2021.11.08"]
[EventType "team-tourn"]
[EventCountry "SLO"]
[SourceTitle "playchess.com"]
[Source "ChessBase"]
[SourceQuality "1"]
[WhiteTeam "Azerbaijan"]
[BlackTeam "Ukraine"]
[WhiteTeamCountry "AZE"]
[BlackTeamCountry "UKR"]
[TimeControl "40/5400+30:1800+30"]

1. e4 {[%emt 0:00:09]} e5 {[%emt 0:00:36]} 2. Nf3 {[%emt 0:00:05]} Nc6 {
[%emt 0:00:13]} 3. Bb5 {[%emt 0:00:05]} a6 {[%emt 0:00:08]} 4. Ba4 {[%emt 0:00:
06]} Nf6 {[%emt 0:00:28]} 5. O-O {[%emt 0:00:07]} Bc5 {[%emt 0:00:34]} 6. c3 {
[%emt 0:00:25]} O-O {[%emt 0:00:17]} 7. d4 {[%emt 0:00:26]} Ba7 {[%emt 0:00:28]
} 8. Re1 {[%emt 0:01:22]} b5 {[%emt 0:02:06]} 9. Bc2 {[%emt 0:06:05]} d6 {
[%emt 0:00:27]} 10. h3 {[%emt 0:02:58]} exd4 {[%emt 0:06:35]} 11. cxd4 {
[%emt 0:04:15]} Nb4 {[%emt 0:00:35]} 12. Bg5 {[%emt 0:12:18]} h6 {[%emt 0:11:
04]} 13. Bh4 {[%emt 0:09:13]} g5 {[%emt 0:32:00]} 14. Bg3 {[%emt 0:15:32]} Nh5
{[%emt 0:11:10]} 15. Bh2 {[%emt 0:10:19]} g4 {[%emt 0:17:36]} 16. hxg4 {
[%emt 0:01:54]} Bxg4 {[%emt 0:00:01]} 17. Bb3 {[%emt 0:08:18]} Nc6 {[%emt 0:00:
06]} 18. Qd3 {[%emt 0:02:54]} Bxf3 {[%emt 0:08:46]} 19. Qxf3 {[%emt 0:00:30]}
Ng7 {[%emt 0:01:42]} 20. Qf4 {[%emt 0:08:25]} Nxd4 {[%emt 0:01:22]} 21. Qxh6 {
[%emt 0:00:32]} Nxb3 {[%emt 0:01:25]} 22. axb3 {[%emt 0:00:31]} f5 {[%emt 0:01:
35]} 23. e5 {[%emt 0:04:05]} f4 {[%emt 0:01:13]} 24. Nc3 {[%emt 0:03:27]} dxe5
{[%emt 0:00:36]} 25. Ne4 {[%emt 0:00:32]} Qe7 {[%emt 0:01:21]} 26. Rxa6 {
[%emt 0:01:43]} Bb6 {[%emt 0:00:01]} 27. Ng5 {[%emt 0:02:42]} Qxg5 {[%emt 0:00:
50]} 28. Qxg5 {[%emt 0:00:03]} Rxa6 {[%emt 0:00:04]} 29. Qxe5 {[%emt 0:00:14]}
f3 {[%emt 0:00:20]} 30. Bg3 {[%emt 0:01:18]} Rf5 {[%emt 0:00:27]} 31. Qc3 {
[%emt 0:01:34]} Rf7 {[%emt 0:01:16]} 32. gxf3 {[%emt 0:00:54]} Ra8 {[%emt 0:00:
06]} 33. Re4 {[%emt 0:00:16]} Rd8 {[%emt 0:00:49]} 34. Rg4 {[%emt 0:00:31]} Kf8
{[%emt 0:00:33]} 35. Qb4+ {[%emt 0:00:11]} Kg8 {[%emt 0:00:19]} 36. Be5 {
[%emt 0:00:25]} Rd5 {[%emt 0:00:23]} 37. Qe4 {[%emt 0:02:50]} Rd1+ {[%emt 0:00:
41]} 38. Kg2 {[%emt 0:00:19]} Rd2 {[%emt 0:00:31]} 39. Qa8+ {[%emt 0:00:13]}
Kh7 {[%emt 0:00:05]} 40. Rh4+ {[%emt 0:00:04]} Kg6 {[%emt 0:00:17]} 41. Qc6+ {
[%emt 0:30:09]} 1-0

[Event "23rd ETCC Women 2021"]
[Site "Catez"]
[Date "2021.11.16"]
[Round "5.10"]
[White "Osmak, Iulija"]
[Black "Mammadova, Gulnar"]
[Result "1-0"]
[WhiteElo "2423"]
[BlackElo "2395"]
[Annotator "NA"]
[PlyCount "79"]
[EventDate "2021.11.08"]
[EventType "team-tourn"]
[EventCountry "SLO"]
[SourceTitle "playchess.com"]
[Source "ChessBase"]
[SourceQuality "1"]
[WhiteTeam "Ukraine"]
[BlackTeam "Azerbaijan"]
[WhiteTeamCountry "UKR"]
[BlackTeamCountry "AZE"]
[TimeControl "40/5400+30:1800+30"]

1. d4 {[%emt 0:00:02]} Nf6 {[%emt 0:00:06]} 2. c4 {[%emt 0:00:17]} e6 {[%emt 0:
00:17]} 3. g3 {[%emt 0:02:05]} d5 {[%emt 0:03:02]} 4. Nf3 {[%emt 0:01:23]} Bb4+
{[%emt 0:04:05]} 5. Bd2 {[%emt 0:02:02]} Be7 {[%emt 0:00:51]} 6. Bg2 {[%emt 0:
00:35]} O-O {[%emt 0:00:06]} 7. Qc2 {[%emt 0:00:11]} Ne4 {[%emt 0:08:28]} 8.
O-O {[%emt 0:02:49]} b6 {[%emt 0:03:40]} 9. Bf4 {[%emt 0:08:46]} c6 {[%emt 0:
11:28]} 10. Ne5 {[%emt 0:07:01]} f6 {[%emt 0:03:25]} 11. Nxc6 {[%emt 0:14:52]}
Nxc6 {[%emt 0:00:40]} 12. cxd5 {[%emt 0:00:05]} Nb4 {[%emt 0:12:58]} 13. Qxe4 {
[%emt 0:00:40]} exd5 {[%emt 0:00:13]} 14. Qf3 {[%emt 0:02:07]} Be6 {[%emt 0:06:
17]} 15. Rc1 {[%emt 0:17:54]} g5 {[%emt 0:04:24]} 16. Bd2 {[%emt 0:01:51]} Qd7
{[%emt 0:02:18]} 17. Bxb4 {[%emt 0:04:49]} Bxb4 {[%emt 0:00:06]} 18. Qb3 {
[%emt 0:00:17]} Be7 {[%emt 0:02:02]} 19. Nc3 {[%emt 0:00:09]} Rfd8 {[%emt 0:00:
25]} 20. Nb5 {[%emt 0:09:35]} Rac8 {[%emt 0:00:42]} 21. Rxc8 {[%emt 0:00:28]}
Rxc8 {[%emt 0:02:59]} 22. Nc3 {[%emt 0:01:35]} Rd8 {[%emt 0:01:51]} 23. Rc1 {
[%emt 0:00:54]} Rc8 {[%emt 0:08:29]} 24. Rd1 {[%emt 0:00:50]} Rd8 {[%emt 0:01:
03]} 25. Rd3 {[%emt 0:03:06]} Bf7 {[%emt 0:03:01]} 26. Re3 {[%emt 0:02:39]} Bf8
{[%emt 0:00:48]} 27. Qb5 {[%emt 0:02:13]} Qxb5 {[%emt 0:06:41]} 28. Nxb5 {
[%emt 0:00:04]} a6 {[%emt 0:00:05]} 29. Nc7 {[%emt 0:08:05]} Rd7 {[%emt 0:05:
40]} 30. Rc3 {[%emt 0:00:00]} Kg7 {[%emt 0:03:01]} 31. Nxa6 {[%emt 0:00:00]}
Kg6 {[%emt 0:03:54]} 32. Rc6 {[%emt 0:00:35]} Rd6 {[%emt 0:00:38]} 33. Nb4 {
[%emt 0:02:17]} Rxc6 {[%emt 0:00:51]} 34. Nxc6 {[%emt 0:00:04]} Bd6 {[%emt 0:
00:03]} 35. Na7 {[%emt 0:00:30]} f5 {[%emt 0:00:52]} 36. Nc8 {[%emt 0:00:59]}
Bc7 {[%emt 0:00:12]} 37. Bxd5 {[%emt 0:00:41]} Be8 {[%emt 0:00:06]} 38. Bc6 {
[%emt 0:01:39]} Bf7 {[%emt 0:00:14]} 39. b3 {[%emt 0:00:55]} Kf6 {[%emt 0:00:
09]} 40. Na7 {[%emt 0:00:53]} 1-0

[Event "23rd ETCC Women 2021"]
[Site "Catez"]
[Date "2021.11.16"]
[Round "5.11"]
[White "Balajayeva, Khanim"]
[Black "Buksa, Nataliya"]
[Result "1-0"]
[WhiteElo "2369"]
[BlackElo "2410"]
[Annotator "NA"]
[PlyCount "75"]
[EventDate "2021.11.08"]
[EventType "team-tourn"]
[EventCountry "SLO"]
[SourceTitle "playchess.com"]
[Source "ChessBase"]
[SourceQuality "1"]
[WhiteTeam "Azerbaijan"]
[BlackTeam "Ukraine"]
[WhiteTeamCountry "AZE"]
[BlackTeamCountry "UKR"]
[TimeControl "40/5400+30:1800+30"]

1. e4 {[%emt 0:00:06]} c5 {[%emt 0:00:25]} 2. c3 {[%emt 0:00:05]} Nf6 {[%emt 0:
00:17]} 3. e5 {[%emt 0:00:10]} Nd5 {[%emt 0:00:05]} 4. Nf3 {[%emt 0:00:04]} Nc6
{[%emt 0:00:03]} 5. d4 {[%emt 0:00:13]} cxd4 {[%emt 0:00:05]} 6. Bc4 {[%emt 0:
00:03]} Nb6 {[%emt 0:00:37]} 7. Bb3 {[%emt 0:00:11]} d6 {[%emt 0:00:21]} 8.
exd6 {[%emt 0:00:25]} Qxd6 {[%emt 0:00:04]} 9. O-O {[%emt 0:00:21]} Be6 {
[%emt 0:00:07]} 10. Na3 {[%emt 0:00:04]} dxc3 {[%emt 0:00:18]} 11. Qe2 {
[%emt 0:02:25]} Bxb3 {[%emt 0:00:07]} 12. Nb5 {[%emt 0:00:22]} Qb8 {[%emt 0:00:
04]} 13. axb3 {[%emt 0:00:11]} e6 {[%emt 0:00:17]} 14. g3 {[%emt 0:09:53]} e5 {
[%emt 0:00:30]} 15. Nbd4 {[%emt 0:03:43]} f6 {[%emt 0:18:15]} 16. bxc3 {
[%emt 0:10:24]} Kf7 {[%emt 0:02:33]} 17. Nxc6 {[%emt 0:10:22]} bxc6 {[%emt 0:
00:04]} 18. Qe4 {[%emt 0:02:20]} Qc7 {[%emt 0:11:08]} 19. Qf5 {[%emt 0:04:09]}
Re8 {[%emt 0:11:47]} 20. Be3 {[%emt 0:05:54]} Kg8 {[%emt 0:01:28]} 21. Bxb6 {
[%emt 0:08:58]} axb6 {[%emt 0:06:48]} 22. Rfd1 {[%emt 0:00:38]} Qf7 {[%emt 0:
04:40]} 23. Rd7 {[%emt 0:07:40]} Qxb3 {[%emt 0:04:00]} 24. Raa7 {[%emt 0:00:33]
} Qe6 {[%emt 0:02:30]} 25. Qxe6+ {[%emt 0:14:35]} Rxe6 {[%emt 0:00:04]} 26. Ra8
{[%emt 0:00:06]} h5 {[%emt 0:11:32]} 27. Rb8 {[%emt 0:04:45]} b5 {[%emt 0:00:
20]} 28. Kf1 {[%emt 0:01:39]} c5 {[%emt 0:06:06]} 29. Rxb5 {[%emt 0:05:04]} e4
{[%emt 0:04:00]} 30. Nh4 {[%emt 0:02:43]} Kh7 {[%emt 0:00:04]} 31. Rbb7 {
[%emt 0:02:07]} Rg8 {[%emt 0:03:23]} 32. Ke2 {[%emt 0:02:36]} Kh6 {[%emt 0:00:
40]} 33. Rb8 {[%emt 0:00:56]} g6 {[%emt 0:04:09]} 34. Rf7 {[%emt 0:00:31]} e3 {
[%emt 0:02:13]} 35. fxe3 {[%emt 0:01:12]} g5 {[%emt 0:00:28]} 36. Nf3 {[%emt 0:
00:50]} g4 {[%emt 0:00:20]} 37. Nd2 {[%emt 0:00:18]} h4 {[%emt 0:00:18]} 38.
Rbxf8 {[%emt 0:00:29]} 1-0

[Event "23rd ETCC Women 2021"]
[Site "Catez"]
[Date "2021.11.16"]
[Round "5.12"]
[White "Zhukova, Natalia"]
[Black "Beydullayeva, Govhar"]
[Result "1-0"]
[WhiteElo "2331"]
[BlackElo "2278"]
[Annotator "NA"]
[PlyCount "103"]
[EventDate "2021.11.08"]
[EventType "team-tourn"]
[EventCountry "SLO"]
[SourceTitle "playchess.com"]
[Source "ChessBase"]
[SourceQuality "1"]
[WhiteTeam "Ukraine"]
[BlackTeam "Azerbaijan"]
[WhiteTeamCountry "UKR"]
[BlackTeamCountry "AZE"]
[TimeControl "40/5400+30:1800+30"]

1. c4 {[%emt 0:00:04]} e6 {[%emt 0:00:19]} 2. Nc3 {[%emt 0:00:16]} c5 {[%emt 0:
00:17]} 3. Nf3 {[%emt 0:04:19]} Nf6 {[%emt 0:00:14]} 4. e3 {[%emt 0:02:31]} Nc6
{[%emt 0:05:03]} 5. d4 {[%emt 0:00:20]} d5 {[%emt 0:00:14]} 6. a3 {[%emt 0:00:
29]} a6 {[%emt 0:15:30]} 7. dxc5 {[%emt 0:00:38]} Bxc5 {[%emt 0:08:29]} 8. b4 {
[%emt 0:00:12]} Bd6 {[%emt 0:00:52]} 9. Bb2 {[%emt 0:00:52]} O-O {[%emt 0:00:
49]} 10. Qc2 {[%emt 0:10:25]} Qe7 {[%emt 0:03:26]} 11. Rd1 {[%emt 0:02:18]} Rd8
{[%emt 0:03:36]} 12. Ng5 {[%emt 0:16:45]} h6 {[%emt 0:10:56]} 13. h4 {[%emt 0:
23:53]} Be5 {[%emt 0:15:44]} 14. f4 {[%emt 0:08:05]} Bc7 {[%emt 0:07:56]} 15.
Be2 {[%emt 0:15:12]} d4 {[%emt 0:03:01]} 16. Nce4 {[%emt 0:00:11]} Nxe4 {
[%emt 0:02:41]} 17. Qxe4 {[%emt 0:02:32]} f5 {[%emt 0:01:42]} 18. Qf3 {[%emt 0:
00:14]} e5 {[%emt 0:05:22]} 19. c5 {[%emt 0:02:29]} hxg5 {[%emt 0:12:00]} 20.
hxg5 {[%emt 0:00:11]} Qf7 {[%emt 0:00:35]} 21. Qh3 {[%emt 0:02:46]} Qg6 {
[%emt 0:00:34]} 22. Qh8+ {[%emt 0:02:40]} Kf7 {[%emt 0:00:05]} 23. Qh4 {
[%emt 0:00:48]} Ke7 {[%emt 0:00:25]} 24. fxe5 {[%emt 0:00:56]} Nxe5 {[%emt 0:
01:38]} 25. exd4 {[%emt 0:01:39]} Nf7 {[%emt 0:00:11]} 26. d5 {[%emt 0:00:36]}
Rh8 {[%emt 0:01:05]} 27. d6+ {[%emt 0:02:00]} Bxd6 {[%emt 0:00:25]} 28. cxd6+ {
[%emt 0:00:01]} Kd7 {[%emt 0:00:37]} 29. Bh5 {[%emt 0:00:44]} Qxg5 {[%emt 0:00:
40]} 30. Qxg5 {[%emt 0:00:18]} Nxg5 {[%emt 0:00:03]} 31. Bxg7 {[%emt 0:00:57]}
Rg8 {[%emt 0:00:11]} 32. Bb2 {[%emt 0:00:32]} b5 {[%emt 0:00:30]} 33. Bf3 {
[%emt 0:00:32]} Rb8 {[%emt 0:00:46]} 34. Kf2 {[%emt 0:00:17]} Bb7 {[%emt 0:00:
08]} 35. Bf6 {[%emt 0:00:41]} Ne4+ {[%emt 0:00:49]} 36. Bxe4 {[%emt 0:00:04]}
Bxe4 {[%emt 0:00:01]} 37. Rh7+ {[%emt 0:00:17]} Ke6 {[%emt 0:00:04]} 38. Bh4 {
[%emt 0:00:37]} Rxg2+ {[%emt 0:01:28]} 39. Kf1 {[%emt 0:00:01]} f4 {[%emt 0:00:
50]} 40. Re7+ {[%emt 0:01:28]} Kf5 {[%emt 0:00:04]} 41. d7 {[%emt 0:07:18]} Rh2
{[%emt 0:05:25]} 42. Re8 {[%emt 0:06:37]} Rh1+ {[%emt 0:11:48]} 43. Ke2 {
[%emt 0:01:09]} Bf3+ {[%emt 0:00:15]} 44. Kxf3 {[%emt 0:00:11]} Rxd1 {[%emt 0:
00:03]} 45. d8=Q {[%emt 0:05:31]} Rbxd8 {[%emt 0:00:22]} 46. Rxd8 {[%emt 0:00:
06]} Rh1 {[%emt 0:01:45]} 47. Rf8+ {[%emt 0:02:13]} Ke5 {[%emt 0:02:49]} 48.
Rxf4 {[%emt 0:00:53]} Rb1 {[%emt 0:04:30]} 49. Re4+ {[%emt 0:05:53]} Kd5 {
[%emt 0:00:03]} 50. Re3 {[%emt 0:01:30]} Kc4 {[%emt 0:01:55]} 51. Ke4 {[%emt 0:
01:03]} Rf1 {[%emt 0:01:30]} 52. Be1 {[%emt 0:00:33]} 1-0

[Event "23rd ETCC Women 2021"]
[Site "Catez"]
[Date "2021.11.16"]
[Round "5.13"]
[White "Tsolakidou, Stavroula"]
[Black "Sebag, Marie"]
[Result "1/2-1/2"]
[WhiteElo "2377"]
[BlackElo "2447"]
[Annotator "NA"]
[PlyCount "89"]
[EventDate "2021.11.08"]
[EventType "team-tourn"]
[EventCountry "SLO"]
[SourceTitle "playchess.com"]
[Source "ChessBase"]
[SourceQuality "1"]
[WhiteTeam "Greece"]
[BlackTeam "France"]
[WhiteTeamCountry "GRE"]
[BlackTeamCountry "FRA"]
[TimeControl "40/5400+30:1800+30"]

1. d4 {[%emt 0:00:03]} d5 {[%emt 0:00:05]} 2. c4 {[%emt 0:00:06]} c6 {[%emt 0:
00:03]} 3. Nf3 {[%emt 0:00:11]} Nf6 {[%emt 0:00:04]} 4. Nc3 {[%emt 0:00:08]} e6
{[%emt 0:00:05]} 5. e3 {[%emt 0:00:24]} Nbd7 {[%emt 0:00:18]} 6. Qc2 {[%emt 0:
00:15]} Bd6 {[%emt 0:00:26]} 7. b3 {[%emt 0:00:22]} O-O {[%emt 0:01:13]} 8. Be2
{[%emt 0:00:11]} b6 {[%emt 0:02:11]} 9. O-O {[%emt 0:00:21]} Bb7 {[%emt 0:00:
47]} 10. Bb2 {[%emt 0:00:16]} Qe7 {[%emt 0:00:37]} 11. Rad1 {[%emt 0:00:37]}
Rad8 {[%emt 0:00:16]} 12. Rfe1 {[%emt 0:00:18]} Rfe8 {[%emt 0:00:22]} 13. Bf1 {
[%emt 0:00:38]} e5 {[%emt 0:13:43]} 14. dxe5 {[%emt 0:03:01]} Nxe5 {[%emt 0:03:
01]} 15. Nxe5 {[%emt 0:16:34]} Bxe5 {[%emt 0:19:21]} 16. cxd5 {[%emt 0:00:08]}
Qc5 {[%emt 0:10:20]} 17. Re2 {[%emt 0:31:09]} Ba6 {[%emt 0:10:39]} 18. Red2 {
[%emt 0:10:29]} Bxf1 {[%emt 0:00:08]} 19. Kxf1 {[%emt 0:01:38]} cxd5 {[%emt 0:
01:24]} 20. Ne2 {[%emt 0:05:00]} Ne4 {[%emt 0:20:36]} 21. Qxe4 {[%emt 0:04:21]}
dxe4 {[%emt 0:00:35]} 22. Rxd8 {[%emt 0:00:08]} Kf8 {[%emt 0:00:16]} 23. R8d5 {
[%emt 0:00:14]} Qc7 {[%emt 0:01:28]} 24. Bxe5 {[%emt 0:00:57]} Rxe5 {[%emt 0:
00:05]} 25. Rd7 {[%emt 0:00:04]} Qc2 {[%emt 0:04:34]} 26. R7d2 {[%emt 0:00:05]}
Qc6 {[%emt 0:01:13]} 27. Rd7 {[%emt 0:06:04]} Re7 {[%emt 0:02:13]} 28. R7d6 {
[%emt 0:01:26]} Qb5 {[%emt 0:01:20]} 29. Rc1 {[%emt 0:05:13]} g6 {[%emt 0:01:
23]} 30. Rd4 {[%emt 0:03:28]} Kg7 {[%emt 0:03:06]} 31. Rcc4 {[%emt 0:00:50]}
Rd7 {[%emt 0:02:01]} 32. Nc3 {[%emt 0:03:22]} Qf5 {[%emt 0:00:06]} 33. Nxe4 {
[%emt 0:02:48]} Rxd4 {[%emt 0:00:29]} 34. Rxd4 {[%emt 0:00:04]} Qc8 {[%emt 0:
00:28]} 35. Rc4 {[%emt 0:01:09]} Qa6 {[%emt 0:00:17]} 36. a4 {[%emt 0:00:42]}
b5 {[%emt 0:00:24]} 37. axb5 {[%emt 0:00:36]} Qxb5 {[%emt 0:01:28]} 38. Nd2 {
[%emt 0:02:51]} Qd5 {[%emt 0:01:10]} 39. Rd4 {[%emt 0:00:15]} Qh5 {[%emt 0:00:
13]} 40. g3 {[%emt 0:00:41]} Qh3+ {[%emt 0:01:07]} 41. Kg1 {[%emt 0:30:44]} h5
{[%emt 0:30:15]} 42. Ra4 {[%emt 0:00:00]} Qd7 {[%emt 0:00:00]} 43. Rd4 {
[%emt 0:00:00]} Qh3 {[%emt 0:00:00]} 44. Ra4 {[%emt 0:00:00]} Qd7 {[%emt 0:00:
00]} 45. Rd4 {[%emt 0:00:00]} 1/2-1/2